Contabilidad ambiental (Registro nro. 7531)

Detalles MARC
000 -CABECERA
Campo de control 00689nam a22002177a 4500
005 - FECHA Y HORA DE LA ULTIMA TRANSACCION
Campo de control 20130812133209.0
008 - ELEMENTOS DE LONGITUD FIJA—INFORMACION GENERAL
Campo de control 110727s2010 ck fr 000 0 spa d
020 ## - ISBN
ISBN 9789584473219
041 ## - IDIOMA
Código de idioma para texto/pista de sonido o título separado Español
044 ## - PAÍS DE PUBLICACIÓN
País de publicación Colombia
082 04 - NUMERO DE CLASIFICACION DECIMAL DEWEY
Número de clasificación 657.6
Número del ítem M516c
100 1# - ASIENTO PRINCIPAL--NOMBRE PERSONAL
Nombre personal Mejía Soto, Eutimio
245 10 - MENCION DE TITULO
Título Contabilidad ambiental
Parte restante del título crítica al modelo de contabilidad financiera
Mención de responsabilidad Eutimio Mejía Soto
260 ## - PUBLICACION, DISTRIBUCION, ETC. (PIE DE IMPRENTA)
Lugar de publicación, distribución, etc. Armenia
Nombre del editor, distribuidor, etc. Optigraf
Fecha de publicación, distribución, etc. 2010
300 ## - DESCRIPCION FISICA
Extensión 195 p.
Dimensiones 23 cm.
504 ## - NOTA DE BIBLIOGRAFIA, ETC.
Nota de bibliografía Incluye referencias bibliográficas
650 17 - ASIENTO SECUNDARIO DE MATERIA - TERMINO TEMATICO
Término temático o nombre geográfico como elemento de entrada Contabilidad
Subdivisión general Aspectos ambientales
650 17 - ASIENTO SECUNDARIO DE MATERIA - TERMINO TEMATICO
Término temático o nombre geográfico como elemento de entrada Medio ambiente
Subdivisión general Contabilidad
650 17 - ASIENTO SECUNDARIO DE MATERIA - TERMINO TEMATICO
Término temático o nombre geográfico como elemento de entrada Contabilidad financiera
942 ## - ELEMENTOS ADICIONALES (KOHA)
Sistema de clasificación Dewey Decimal Classification
Tipo de ítem Impreso
Existencias
Withdrawn status Lost status Sistema de Clasificación Damaged status No para préstamo Colección Ubicación Permanente Ubicación actual Fecha de adquisición Total Checkouts Número topográfico Inventario / Código de Barras Date last seen Ejemplar Price effective from Tipo de material
    Dewey Decimal Classification     General Bogotá Bogotá 12/08/2013   LB 657.6 M516c 058314 12/08/2013 Ej. 1 12/08/2013 Libro